Nykredit Mortgage Bank plc v Edward Erdman Group Ltd (formerly Edward Erdman Unlimited Co.) (Record no. 52103)

MARC details
000 -LEADER
fixed length control field 01053cab a2200205 4500
001 - CONTROL NUMBER
control field x88124
008 - FIXED-LENGTH DATA ELEMENTS--GENERAL INFORMATION
fixed length control field 090401t1997 xxu||||| |||| 00| 0 eng d
035 ## - SYSTEM CONTROL NUMBER
System control number (Sirsi) u82507
041 ## - LANGUAGE CODE
Language code of text/sound track or separate title eng
245 ## - TITLE STATEMENT
Title Nykredit Mortgage Bank plc v Edward Erdman Group Ltd (formerly Edward Erdman Unlimited Co.)
260 ## - PUBLICATION, DISTRIBUTION, ETC.
Date of publication, distribution, etc. 1997
350 ## - PRICE (NR) (BK AM CF MU VM SE) [OBSOLETE]
Price 0
490 ## - SERIES STATEMENT
Series statement New Property Cases
Volume/sequential designation (1997) NPC 165, (5)
520 ## - SUMMARY, ETC.
Summary, etc. HL 27 November 1997. A negligent valuer who causes loss to a mortgagee will have to pay interest on the loss not simply from the date of the loan nor from the date of the judgment but from the date when the loss was sustained. A court has no jurisdiction to award damages on costs orders but an appeal court does have jurisdiction to award interest on repayable damages and costs arising from correcting the decisions of inferior courts. NB NO PHOTOCOPYING ALLOWED.
650 ## - SUBJECT ADDED ENTRY--TOPICAL TERM
Topical term or geographic name entry element NEGLIGENCE
650 ## - SUBJECT ADDED ENTRY--TOPICAL TERM
Topical term or geographic name entry element NYKREDIT MORTGAGE BANK PLC V EDWARD ERDMAN GROUP PLC
690 ## - LOCAL SUBJECT ADDED ENTRY--TOPICAL TERM (OCLC, RLIN)
Topical term or geographic name as entry element PROFESSIONAL PRACTICE -CASE LAW
942 ## - ADDED ENTRY ELEMENTS (KOHA)
Suppress in OPAC 0
948 ## - LOCAL PROCESSING INFORMATION (OCLC); SERIES PART DESIGNATOR (RLIN)
c (OCLC) 04/12/1997
Holdings
Withdrawn status Lost status Source of classification or shelving scheme Damaged status Not for loan Home library Current library Shelving location Date acquired Total Checkouts Full call number Barcode Date last seen Copy number Price effective from Koha item type
    Dewey Decimal Classification     London London Journal article 14/09/1999   X88124 82507-1001 06/08/2019 1 06/08/2019 Law report